000 00694nam a2200253 a 4500
005 20210219153535.0
008 991125n 000 0 u
035 _aUPN01000105543
100 1 _aEchebarría, Iñaki
222 _aCUADERNOS DE PEDAGOGIA
245 _a¿ Catedráticos de educación infantil y primaria ? : ¿ por qué no ?
260 _aBarcelona, España
300 _a80-82
362 0 _a1992 No. 204, jun.
653 0 _aEDUCACION PREESCOLAR
653 0 _aEDUCACION PRIMARIA
653 0 _aESPAÑA
653 0 _aMOTIVACION DOCENTE
653 0 _aREFORMA EDUCATIVA
700 1 _aFranci, Josep,
700 1 _ecoaut.
904 _aAC
_b043354
905 _aArticulo
999 _c79507
_d79507